000 00820cam a22002411i 4500
003 SA-RiAUC
005 20241126070820.0
008 241124s1998 su g 00010 ara c
020 _a996067813X
040 _aSA-RiAUC
_bara
_cSA-RiAUC
_erda
082 0 4 _a253.902
_qSA-RiAUC
090 _a253.902
_bب ا ف
100 1 _aبافقيه، طلال عمر
_eمؤلف.
245 1 2 _aالوقف الأهلي /
_cإعداد طلال عمر بافقية.
264 1 _aجدة :
_bدار القبلة للثقافة الإسلامية،
_c1998
300 _a303 صفحة ؛
_c24 سم
336 _aنص
_btxt
_2rdacontent
_3كتاب
337 _aبدون وسيط
_bn
_2rdamedia
338 _aمجلد
_bnc
_2rdacarrier
650 7 _aالوقف
_2aucsh
942 _2ddc
_cBOOK
_n0
949 _aSA-JeALM
_d241124
_umohamedma123
_n1
999 _c2780
_d2780